000 00729nam a2200253Ia 4500
003 OSt
005 20220928113610.0
006 a|||||r|||| 00| 0
007 ta
008 220927b |||||||| |||| 00| 0 eng d
020 _cUSD 195.00
024 _a142724
037 _b084, 12/03/2020, Kiran Book Service
_cTextual
040 _aSDCL
_cSDCL
_beng
041 _2eng
_aeng
082 _aR, R0
100 _aNorris April Ed.
_9434009
245 0 _aPhilosophy
_b A modern approach
260 _aNew York
_b Willford Press
_c2020
300 _avii,220p.
_ccm.
650 _aSanskrit
_9391587
942 _hR, R0
_cTEXL
_2CC
999 _c750407
_d750407